ბათუმის შოთა რუსთაველის სახელმწიფო უნივერსიტეტის ბიბლიოთეკა

Case studies in immunology a clinical companion / (ბიბ.ჩანაწერი № 49455)

000 -LEADER
fixed length control field 00600nam a2200229Ia 4500
001 - CONTROL NUMBER
control field 16378
003 - CONTROL NUMBER IDENTIFIER
control field GE_BSU
005 - DATE AND TIME OF LATEST TRANSACTION
control field 20240528122147.0
008 - FIXED-LENGTH DATA ELEMENTS--GENERAL INFORMATION
fixed length control field 181216s2008||||enk|||||||||||||| ||eng||
020 ## - INTERNATIONAL STANDARD BOOK NUMBER
International Standard Book Number 9780815341451x
040 ## - CATALOGING SOURCE
Transcribing agency GE_BSU
041 ## - LANGUAGE CODE
Language code of text/sound track or separate title eng
080 ## - UNIVERSAL DECIMAL CLASSIFICATION NUMBER
Universal Decimal Classification number 616.67 G-30
100 ## - MAIN ENTRY--PERSONAL NAME
Personal name Geha, Raif
9 (RLIN) 22202
245 ## - TITLE STATEMENT
Title Case studies in immunology a clinical companion /
Statement of responsibility, etc. Raif Geha.
250 ## - EDITION STATEMENT
Edition statement FIFTH EDION
264 ## - PRODUCTION, PUBLICATION, DISTRIBUTION, MANUFACTURE, AND COPYRIGHT NOTICE
Place of production, publication, distribution, manufacture New York :
Name of producer, publisher, distributor, manufacturer Garland science,
Date of production, publication, distribution, manufacture, or copyright notice 2008.
300 ## - PHYSICAL DESCRIPTION
Extent 344 p.;
Other physical details ill;
Dimensions 29 cm.
653 ## - INDEX TERM--UNCONTROLLED
keyword იმუნოლოგია
942 ## - ADDED ENTRY ELEMENTS (KOHA)
Koha item type წიგნი
Source of classification or shelving scheme
ეგზემპლარები
Withdrawn status Lost status Source of classification or shelving scheme Damaged status Not for loan Permanent Location Current Location Shelving location Date acquired Cost, normal purchase price Full call number Barcode Date last seen Copy number Price effective from Koha item type Public note
          ბათუმის შოთა რუსთაველის სახელმწიფო უნივერსიტეტის მთავარი ბიბლიოთეკა ბათუმის შოთა რუსთაველის სახელმწიფო უნივერსიტეტის მთავარი ბიბლიოთეკა წიგნსაცავი 2018-12-17 82.00 616.67 G-30 40332 2018-12-17 40332 2018-12-17 წიგნი 82 ლ.